000 01465ngm a22003970a 4500
001 PT16716
003 AR-LpoUNG
005 20210202000233.0
007 vd cvaizq
008 191001s1980||||ag |||||||||||||||||eng d
037 _c$8.30
040 _aAR-LpoUNG
_bspa
_cAR-LpoUNG
_eaacr
041 _aeng
_aspa
044 _aag
082 0 _a306.484 614mao
100 1 _aLerner, Murray
_edir.
245 1 0 _aDe Mao a Mozart :
_bIsaac Stern en China : un viaje inolvidable por el universo del arte
260 _aBuenos Aires :
_bVideo España,
_c[1980].
300 _aVHS (88 min.) : son., col.
505 0 _aDiálogos en inglés, subtítulos en castellano
520 _aEn junio de 1979, uno de los grandes violinistas del mundo, Isaac Stern, viajó a China. Este film no es sólo la documentación de los conciertos que ofreciera el maestro en ese país milenario. Es el relato del acercamiento de un veterano del mundo occidental con la juventud de un país milenario. Un canto a la amistad entre los pueblos usando el lenguaje universal de la música.
650 4 _aCHINA
650 4 _aCHINA
650 4 _aFACTORES CULTURALES
650 4 _aFACTORES CULTURALES
650 4 _aIDENTIDAD CULTURAL
650 4 _aIDENTIDAD CULTURAL
650 4 _aINTEGRACION CULTURAL
650 4 _aMUSICA
650 4 _aRELACIONES CULTURALES
650 4 _aRELACIONES CULTURALES
651 4 _aChina
653 _aVIDEOS
905 _a16716
942 _cVIDEO
999 _c54412
_d54412